Countries bordering countries that border Germany - Statistics

General Stats
  • This quiz has been taken 239 times
    212 since last reset
  • The average score is 11 of 13
Answer Stats
Answer % Correct
Italy
97%
Spain
96%
Slovakia
95%
Slovenia
94%
Russia
93%
Andorra
92%
Hungary
91%
Belarus
89%
Lithuania
88%
Ukraine
88%
Monaco
85%
Liechtenstein
82%
Germany
13%
No matching quizzes found
Score Distribution
Percent of People with Each Score
Percentile by Number Answered
Your Score History
You have not taken this quiz since the last reset